Elementos de geometría : precedidos de Los fundamentos de la geometría por D. Hilbert /

Uloženo v:
Podrobná bibliografie
Hlavní autor: Euclides (autor)
Další autoři: Hilbert, David (autor) (autor), García Bacca, Juan David (introducción, notas y traducción) (introducción, notas y traducción)
Médium: Kniha
Jazyk:španělština
Edice:(Bibliotheca Scriptorum Graecorum et Romanorum Mexicana)
Témata:
Tagy: Přidat tag
Žádné tagy, Buďte první, kdo vytvoří štítek k tomuto záznamu!

MARC

LEADER 00000nam^a2200000^a^4500
001 000194634
005 20250521000000.0
009 20260310102725.376
025 |a Donación sin dato, 1 ejemplar 
037 |a Acervo ITESO - Biblioteca 
041 |a ESP 
082 |a 516. 2  |b EUC 
100 |a Euclides  |e (autor) 
240 1 1 |a [Obras Completas de Euclides] 
240 1 1 |a [Elementos de Euclides] 
245 1 0 |a Elementos de geometría :  |b precedidos de Los fundamentos de la geometría por D. Hilbert /  |c Euclides, D. Hilbert ; introd., notas y tr. por J.D. García Bacca. 
264 |a México :  |b UNAM,  |c 1944 
300 |a XCII, 41, 178 p. 
336 |a texto  |b txt  |2 rdacontenido 
337 |a sin mediación  |b n  |2 rdamedio 
338 |a volumen  |b nc  |2 rdasoporte 
440 1 |a (Bibliotheca Scriptorum Graecorum et Romanorum Mexicana) 
546 |a Edición bilingüe español-griego 
649 |a XX 
650 |a Geometría Euclidiana -  |x Tema Principal 
650 |a Geometría Plana 
650 |a Matemáticas 
740 4 |a Los fundamentos de la geometría /  |c D. Hilbert. 
700 |a Hilbert, David  |e (autor) 
700 |a García Bacca, Juan David  |e (introducción, notas y traducción) 
910 |a Fondo General 
920 |a Impresos - Libros 
930 |a Colección General 
905 |a 101 
901 |a 0500139847  |b IT1  |c ACC  |i D  |u 20250521 
902 |a https://opac.biblio.iteso.mx/vufind/Record/000194634